<?xml version="1.0" encoding="UTF-8"?>
<record
    xmlns:xsi="http://www.w3.org/2001/XMLSchema-instance"
    xsi:schemaLocation="http://www.loc.gov/MARC21/slim http://www.loc.gov/standards/marcxml/schema/MARC21slim.xsd"
    xmlns="http://www.loc.gov/MARC21/slim">

  <leader>01563cam a22003131  4500</leader>
  <controlfield tag="001">9411</controlfield>
  <controlfield tag="003">BD-RjUL</controlfield>
  <controlfield tag="005">20211208234755.0</controlfield>
  <controlfield tag="008">140121s1966    ne ac    b    100 0 eng</controlfield>
  <datafield tag="035" ind1=" " ind2=" ">
    <subfield code="a">(BD-RjUL)9456</subfield>
  </datafield>
  <datafield tag="040" ind1=" " ind2=" ">
    <subfield code="a">DLC</subfield>
    <subfield code="c">DLC</subfield>
    <subfield code="d">DLC</subfield>
    <subfield code="d">ICU</subfield>
    <subfield code="d">BD-RjUL</subfield>
    <subfield code="b">eng</subfield>
  </datafield>
  <datafield tag="041" ind1=" " ind2=" ">
    <subfield code="a">eng</subfield>
  </datafield>
  <datafield tag="082" ind1="0" ind2="0">
    <subfield code="a">539.7213</subfield>
    <subfield code="b">INN 1966</subfield>
  </datafield>
  <datafield tag="111" ind1="2" ind2=" ">
    <subfield code="a">International Conference on the Study of Nuclear Structure with Neutrons</subfield>
    <subfield code="d">(1965 :</subfield>
    <subfield code="c">Antwerp, Belgium)</subfield>
    <subfield code="9">213155</subfield>
  </datafield>
  <datafield tag="245" ind1="1" ind2="0">
    <subfield code="a">Nuclear structure study with neutrons :</subfield>
    <subfield code="b">Proceedings of the Internat. Conference on the Study of Nuclear Structure with Neutrons, Antwerp, 19-23 July 1965 /</subfield>
    <subfield code="c">Editors M. N&#xE8;ve de M&#xE9;vergnies, P. Van Assche and J. Vervier.</subfield>
  </datafield>
  <datafield tag="260" ind1=" " ind2=" ">
    <subfield code="a">Amsterdam :</subfield>
    <subfield code="b">North-Holland Pub. Co.,</subfield>
    <subfield code="c">1966.</subfield>
  </datafield>
  <datafield tag="300" ind1=" " ind2=" ">
    <subfield code="a">viii, 588 p. :</subfield>
    <subfield code="b">illus., ports. ;</subfield>
    <subfield code="c">22 cm.</subfield>
  </datafield>
  <datafield tag="500" ind1=" " ind2=" ">
    <subfield code="a">Sponsored by the European-American Nuclear Data Committee and the International Union of Pure and Applied Physics and held at General Motors Continental, Antwerp, Belgium.</subfield>
  </datafield>
  <datafield tag="500" ind1=" " ind2=" ">
    <subfield code="a">Includes 21 papers in full and abstracts of the remaining 202 papers presented to the conference.</subfield>
  </datafield>
  <datafield tag="504" ind1=" " ind2=" ">
    <subfield code="a">Includes bibliographies references and index.</subfield>
  </datafield>
  <datafield tag="650" ind1=" " ind2="0">
    <subfield code="a">Neutrons</subfield>
    <subfield code="x">Congresses.</subfield>
    <subfield code="9">29074</subfield>
  </datafield>
  <datafield tag="650" ind1=" " ind2="0">
    <subfield code="a">Nuclear structure</subfield>
    <subfield code="x">Congresses.</subfield>
    <subfield code="9">29157</subfield>
  </datafield>
  <datafield tag="700" ind1="2" ind2=" ">
    <subfield code="a">N&#xE8;ve de M&#xE9;vergnies, M.</subfield>
    <subfield code="q">(Marcel),</subfield>
    <subfield code="d">1923-</subfield>
    <subfield code="e">ed.</subfield>
    <subfield code="9">29158</subfield>
  </datafield>
  <datafield tag="710" ind1="2" ind2=" ">
    <subfield code="a">European-American Nuclear Data Committee.</subfield>
    <subfield code="9">29159</subfield>
  </datafield>
  <datafield tag="710" ind1="2" ind2=" ">
    <subfield code="a">International Union of Pure and Applied Physics.</subfield>
    <subfield code="9">25695</subfield>
  </datafield>
  <datafield tag="710" ind1="2" ind2=" ">
    <subfield code="a">General Motors Continental.</subfield>
    <subfield code="9">29160</subfield>
  </datafield>
  <datafield tag="942" ind1=" " ind2=" ">
    <subfield code="2">ddc</subfield>
    <subfield code="c">BK</subfield>
  </datafield>
  <datafield tag="999" ind1=" " ind2=" ">
    <subfield code="c">9411</subfield>
    <subfield code="d">9411</subfield>
  </datafield>
  <datafield tag="952" ind1=" " ind2=" ">
    <subfield code="0">0</subfield>
    <subfield code="1">0</subfield>
    <subfield code="2">ddc</subfield>
    <subfield code="4">0</subfield>
    <subfield code="7">0</subfield>
    <subfield code="8">NFIC</subfield>
    <subfield code="a">RUCL</subfield>
    <subfield code="b">RUCL</subfield>
    <subfield code="c">Stack</subfield>
    <subfield code="d">1969-11-12</subfield>
    <subfield code="e">Zuit</subfield>
    <subfield code="g">140.00</subfield>
    <subfield code="l">0</subfield>
    <subfield code="o">539.7213 INN 1966</subfield>
    <subfield code="r">2014-01-21 00:00:00</subfield>
    <subfield code="t">C-2</subfield>
    <subfield code="w">2021-12-08</subfield>
    <subfield code="y">BK</subfield>
  </datafield>
  <datafield tag="952" ind1=" " ind2=" ">
    <subfield code="0">0</subfield>
    <subfield code="1">0</subfield>
    <subfield code="2">ddc</subfield>
    <subfield code="4">0</subfield>
    <subfield code="7">1</subfield>
    <subfield code="8">NFIC</subfield>
    <subfield code="a">RUCL</subfield>
    <subfield code="b">RUCL</subfield>
    <subfield code="c">Reading</subfield>
    <subfield code="d">1969-11-12</subfield>
    <subfield code="e">Zeitlinger</subfield>
    <subfield code="g">140.00</subfield>
    <subfield code="l">0</subfield>
    <subfield code="o">539.7213 INN 1966</subfield>
    <subfield code="r">2017-05-13 00:00:00</subfield>
    <subfield code="t">C-1</subfield>
    <subfield code="w">2017-05-13</subfield>
    <subfield code="y">BK</subfield>
  </datafield>
  <datafield tag="952" ind1=" " ind2=" ">
    <subfield code="0">0</subfield>
    <subfield code="1">0</subfield>
    <subfield code="2">ddc</subfield>
    <subfield code="4">0</subfield>
    <subfield code="7">0</subfield>
    <subfield code="8">NFIC</subfield>
    <subfield code="a">RUCL</subfield>
    <subfield code="b">RUCL</subfield>
    <subfield code="c">Stack</subfield>
    <subfield code="d">1969-11-12</subfield>
    <subfield code="e">Zeitlinger</subfield>
    <subfield code="g">150.00</subfield>
    <subfield code="l">0</subfield>
    <subfield code="o">539.7213 INN 1966</subfield>
    <subfield code="r">2017-05-13 00:00:00</subfield>
    <subfield code="t">C-3</subfield>
    <subfield code="w">2017-05-13</subfield>
    <subfield code="y">BK</subfield>
  </datafield>
</record>
